000 00670nam a2200253Ia 4500
008 160321s9999||||xx |||||||||||||| ||und||
040 _cEnglish
082 _aXI.B Barker
082 _bBORI-92249
100 _aErnest Barker
245 _aPrinciples Of Social And Political Theory
300 _aViii+283
300 _cB
300 _ePaperback
530 _u00047820.pdf
563 _aStudy
600 _aErnest Barker
630 _aPrinciples Of Social And Political Theory
650 _a"Social History,Culture"
650 _aGeneral Indology
700 _aErnest Barker
730 _aPrinciples Of Social And Political Theory
942 _cBOOK
999 _c1372206
_d1372203